000 00335nam a2200133 a 4500
001 4136
005 20140414131927.0
008 090217s19uu xx 00 eng d
050 _aER
_bP96 1998
245 _aPuss in boots.
260 _aLeicestershire, UK :
_bLadybird,
_c1998.
440 _aRead it yourself, level 3
999 _c112069
_d112069